LEADER 01341nam2-2200421---450- 001 990003199040203316 005 20140415102544.0 010 $a3-9804590-1-2 035 $a000319904 035 $aUSA01000319904 035 $a(ALEPH)000319904USA01 035 $a000319904 100 $a20090223d1996----km-y0itay50------ba 101 $ager 102 $aDE 105 $a||||||||001yy 200 1 $a<>: Literarische Antikerezeption zwischen Kritik und Idealisierung$eAufsätze und Vorträge$eJeanaer studien$fVolker Riedel$gherausgegeben von Günter Schmidt 210 $aJena$cBussert u. Stadeler$d1996 215 $aIII, 444 p$d22 cm 410 0$12001 454 1$12001 461 1$1001000317059$12001 606 0 $aLetteratura tedesca$xRetorica 676 $a800 700 1$aRIEDEL,$bVolker$0163872 702 1$aSCHMIDT,$bGunther 801 0$aIT$bsalbc$gISBD 912 $a990003199040203316 951 $aII.3.B.376/2$b4795 DSLL 959 $aBK 969 $aDSLL 979 $aDSLL$b90$c20090223$lUSA01$h0922 979 $aDSLL$b90$c20090223$lUSA01$h0924 979 $aDSLL$b90$c20090223$lUSA01$h1212 979 $aMARANO$b90$c20140415$lUSA01$h1024 979 $aMARANO$b90$c20140415$lUSA01$h1025 996 $aLiterarische Antikerezeption zwischen Kritik und Idealisierung$91014735 997 $aUNISA LEADER 01540nam 2200433 450 001 9910574079203321 005 20221213101459.0 010 $a9783030543006$b(electronic bk.) 010 $z9783030542993 035 $a(MiAaPQ)EBC7002627 035 $a(Au-PeEL)EBL7002627 035 $a(CKB)23031081800041 035 $aEBL7002627 035 $a(AU-PeEL)EBL7002627 035 $a(PPN)26914840X 035 $a(EXLCZ)9923031081800041 100 $a20221213d2022 uy 0 101 0 $aeng 135 $aurcnu|||||||| 181 $ctxt$2rdacontent 182 $cc$2rdamedia 183 $acr$2rdacarrier 200 10$aOrthodontic-surgical partnership in cleft lip and palate treatment $eachieving good occlusion, facial aesthetics, speech and psychosocial development /$fSamuel Berkowitz 210 1$aCham, Switzerland :$cSpringer,$d[2022] 210 4$d©2022 215 $a1 online resource (272 pages) 300 $aDescription based upon print version of record. 311 08$aPrint version: Berkowitz, Samuel Orthodontic-Surgical Partnership in Cleft Lip and Palate Treatment Cham : Springer International Publishing AG,c2022 9783030542993 320 $aIncludes bibliographical references. 606 $aSurgery 615 0$aSurgery. 676 $a605 700 $aBerkowitz$b Samuel$f1928-$01271319 801 0$bMiAaPQ 801 1$bMiAaPQ 801 2$bMiAaPQ 912 $a9910574079203321 996 $aOrthodontic-surgical partnership in cleft lip and palate treatment$92994704 997 $aUNINA